Pomoc a podpora poskytovaná prostredníctvom ERDF do regiónov Slovenska (na príklade implementácie programov ROP a KaHR diplomová práca
Uložené v:
| Hlavný autor: | |
|---|---|
| Korporativný autor: | |
| Ďalší autori: | |
| Médium: | Kniha |
| Jazyk: | Slovak |
| Vydavateľské údaje: |
Bratislava
2016
|
| Tagy: |
Žiadne tagy, Buďte prvý, kto otaguje tento záznam!
|
MARC
| LEADER | 00000nbm a2200000 4500 | ||
|---|---|---|---|
| 001 | 0218019 | ||
| 005 | 20170214100206.4 | ||
| 041 | 0 | |a slo | |
| 044 | |a SK | ||
| 245 | 1 | 0 | |a Pomoc a podpora poskytovaná prostredníctvom ERDF do regiónov Slovenska (na príklade implementácie programov ROP a KaHR |b diplomová práca |c Andrej Šaranský ; školiteľ: Alžbeta Ivaničková |
| 264 | 1 | |a Bratislava |c 2016 | |
| 300 | |a 88 s. | ||
| 100 | 1 | |a Šaranský, Andrej | |
| 700 | 1 | |a Ivaničková, Alžbeta | |
| 710 | 2 | |a Národohospodárska fakulta EU. Katedra verejnej správy a regionálneho rozvoja | |